F# klientské knižnice pre Supabase

Guardado en:
Detalles Bibliográficos
Autor principal: Dubovec, Samuel (Autor)
Otros Autores: Drozda, Martin (Orientador)
Formato: Manuscrito Libro
Lenguaje:eslovaco
Publicado: Bratislava : STU v Bratislave FEI, 2023
Materias:
Acceso en línea:https://opac.crzp.sk/?fn=detailBiblioFormChildEDA8D&sid=EC7951772ACC837B597BC7A56A1E&seo=CRZP-detail-kniha
Etiquetas: Agregar Etiqueta
Sin Etiquetas, Sea el primero en etiquetar este registro!

MARC

LEADER 00000ntm a22000003a 4500
001 stuzp92926
003 SK-STU
005 20241210120009.4
007 ta
008 150427s2015----xo-----f-mn---000-0-slo-d
040 |a STU  |b slo 
041 0 |a slo 
044 |a xo 
100 1 |a Dubovec, Samuel  |u 035000  |4 aut  |U FEI Fakulta elektrotechniky a informatiky  |T FEI Ústav informatiky a matematiky  |X 97759  |U E050  |Y 816  |7 97759 
242 0 1 |a F# client libraries for Supabase  |y eng 
245 1 0 |a F# klientské knižnice pre Supabase 
260 |a Bratislava :  |b STU v Bratislave FEI,  |c 2023 
300 |a 79 s. 
650 4 |a F#  |2 slo 
650 4 |a funkcionálne programovanie  |2 slo 
650 4 |a fsharp  |2 slo 
650 4 |a .NET  |2 slo 
650 4 |a Supabase  |2 slo 
650 4 |a functional programming  |2 eng 
650 4 |a F#  |2 eng 
650 4 |a .NET  |2 eng 
650 4 |a Supabase  |2 eng 
650 4 |a fsharp  |2 eng 
700 1 |a Drozda, Martin  |u 035000  |k Z1  |4 ths  |U FEI Fakulta elektrotechniky a informatiky  |T FEI Ústav informatiky a matematiky  |X 71006  |U E050  |Y 816  |7 A000071006 
856 4 |u https://opac.crzp.sk/?fn=detailBiblioFormChildEDA8D&sid=EC7951772ACC837B597BC7A56A1E&seo=CRZP-detail-kniha